00762cam a2200241 i 4500001001000000003000900010005001700019007000300036008004100039040003000080082002400110100003400134245005900168264006100227300002600288336002700314337003300341338002800374490003300402650002300435650002500458651003700483000003428DO-SdBNP20240130092057.0ta840711s1984 dr 001 0 spa  aDO-SdBNPbspacBNPHUerda 4aAr864.42bC827n2221 aCortázar, Julio,d1914-198410aNicaragua tan violentamente dulce /cJulio Cortázar. 1aSanto Domingo :bNueva Nicaragua, bAlfa & Omega,c1984. a108 páginasc21 cm. 2rdacontentatextobtxt 2rdamediaasin mediaciónbn 2rdacarrieravolumenbnc1 aPalabra de nuestra América 4aEnsayos argentinos 4aLiteratura argentina 4aNicaraguaxPolítica Y Gobierno